000 02752cam a22006014i 4500
003 PE-LiUPU
005 20250731173114.0
008 190313s2013 ne a rb 001 0 heb d
020 _a9004244808
020 _a9789004244788
_q(volumen 1)
020 _a9789004244801
_q(volumen 2)
020 _a9789004244818
_q(volumen 3)
035 _a(Sirsi) a251951
040 _aPE-LiUPU
_bspa
_cPE-LiUPU
_erda
_dPE-LiUPU
_erda
049 _aPRUA
082 0 4 _a221.924
_bB52
_220
130 0 _aBiblia.
_lHebreo.
_pGenesis.
_pIsaiah.
_pPsalms.
245 0 4 _aThe Biblical Qumran Scrolls :
_btranscriptions and textual variants /
_cedited by Eugene Ulrich ; based on the identification of fragments by Frank Moore Cross [y otros tres] ; editions of the Biblical Qumran Scrolls by Maurice Baillet [y otros treinta y tres].
264 1 _aLeiden :
_bBrill,
_c2013.
300 _a3 volumenes ;
_c28 centímetros.
336 _atext
_2rdacontent
337 _aunmediated
_2rdamedia
338 _avolume
_2rdacarrier
504 _aIncluye índice.
505 0 _aVolumen I,
_tGenesis-Kings.
_aGenesis -- Exodus -- Leviticus -- Numbers -- Deuteronomy -- Joshua -- Judges -- Samuel -- Kings.
505 0 _aVolumen II,
_Isaiah-Twelve Minor Prophets.
_aIsaiah: 1 QIsaiah -- Isaiah: Fragments -- Jeremiah -- Ezekiel -- Twelve minor prophets.
505 0 _aVolumen III,
_Psalms-Chronicles.
_aPsalms: Fragments -- Psalms: 11QPsalms -- Job -- Proverbs -- Ruth -- Canticles -- Qoheleth -- Lamentations -- Daniel -- Ezra -- Chronicles.
526 _aSEG42
526 _aSEG41
526 _aSEG40
526 _aSEG39
526 _aP94
526 _aP87
526 _aP86
526 _aP85
526 _aP77
526 _aP76
526 _aP35
630 _aBiblia.
_pA.T.
_xCrítica y exégesis.2ram
630 0 4 _aManuscritos del Mar Muerto.
_2ram
630 _aBiblia.
_pA.T.
_xManuscritos hebreos.
_2ram
700 1 _aUlrich, Eugene,
_eeditor.
700 1 _aMoore Cross, Frank,
_efragmentor.
700 1 _aBaillet, Maurice,
_eeditor.
910 _adbm
_bsag
_csag
_d20190313
942 _2ddc
_cBOOK
994 _aC0
_bPEPRU
596 _a1
999 _a221.924 B52 1
_wLC
_c31214
_i79991
_f2021-11-9
_g2
_lCCODEBUL1
_mBUL
_p46.00
_r0
_sY
_tBOOK
_u2019-3-13
_xTEOLOGIA
_PP35
_0COMPRA
_o.STAFF. Colección Teología
_d31214
999 _a221.924 B52 2
_wDEWEY
_c1
_i79992
_f2021-11-9
_g2
_lCCODEBUL1
_mBUL
_p46.00
_r0
_sY
_tBOOK
_u2019-3-13
_xTEOLOGIA
_PP35
_0COMPRA
_o.STAFF. Colección Teología
999 _a221.924 B52 3
_wDEWEY
_c1
_i79993
_f2021-11-9
_g2
_lCCODEBUL1
_mBUL
_p46.00
_r0
_sY
_tBOOK
_u2019-3-13
_xTEOLOGIA
_PP35
_0COMPRA
_o.STAFF. Colección Teología
980 _81
_gALBERTO SANCHEZ Responsable de Automatización